| 000 | 01041nam a2200313 c 4500 | ||
|---|---|---|---|
| 003 | BLK | ||
| 005 | 20190913121236.0 | ||
| 008 | 180911b bul|||||r ||||||| ||bul|| | ||
| 010 | _a002981 | ||
| 040 | _aBLK | ||
| 041 |
_aGRE _cDEU |
||
| 080 | _z801.323.2=774=30 | ||
| 100 | 1 |
_aKOCH, A. _eпърви автор |
|
| 245 | 0 | 0 | _aGriechisch-Deutsches Taschenworterbuch |
| 250 | _a2. Aufl | ||
| 260 |
_aBerlin _bFriedberg and Mode _c1888 |
||
| 300 |
_a4, 402 с _c13 см |
||
| 380 | _a80 | ||
| 490 |
_aЧастна колекция - Академик Михаил Арнаудов _gДарение - Основен фонд |
||
| 501 | _aПодв. с Deutsch-Griechisches Taschenworterbuch / A. Koch. | ||
| 520 | _aМихаил Арнаудов: подпис | ||
| 520 | _aМихаил Арнаудов: негови-книга | ||
| 520 | _aДатиране на книгата : / 99 | ||
| 650 | _aЕзици | ||
| 655 | _aЕзикознание | ||
| 700 | 1 | _aA. Koch | |
| 852 | _aМА 1503 | ||
| 942 |
_cKNG _n0 |
||
| 944 |
_aCR _c1996 _kValK |
||
| 999 |
_c343320 _d343320 |
||